01183 a2200181 45000010006000000050017000060080041000230030015000640400040000790800057001192450079001762500012002552640037002673000019003045050646003230410008009691000024009772804020260407155552.0260407a1975 arg spa dAR-UNSa-BCEJYS aAR-UNSa-BCEJYSbspacAR-UNSa-BCEJYS a343.13xProcedimiento penal. Derecho procesal penal 10aManual de derecho procesal penalpdoctrina, legislación y jurisprudencia a3a. ed. 1aBuenos Aires :bPlus Ultrac1975 a478 p.c23 cm. a1.Principios generales – 2. Fuentes del derecho procesal – 3. Otras fuentes del derecho procesal – 4. Las formas procesales – 5. Normas procesales – 6. La acción – 7. Jurisdicción y competencia – 8. El proceso – 9. Organización judicial – 10. Magistratura – 11. Capacidad procesal de los órganos jurisdiccionales – 12. El tiempo en el derecho procesal – 13. Situación jurídica del imputado – 14. La instrucción del sumario – 15. La prueba – 16. El juicio – 17. Recursos y procedimientos en segunda instancia – 18. Procedimientos especiales – 19. Juicio penal militar y juicios económicos.  aspa1 aLevene, Ricardo (h)